000 00453nam a22000977a 4500
100 _aअरिहंत
_94827
245 _aमध्‍य प्रदेश पुलिस उप-निरीक्षक भर्ती परीक्षा 35 सॉल्‍वड पेपर्स वर्ष 2017-11
260 _aमेरठ
_bअरिहंत पब्लिकेशन
_c2020
650 _aसैन्‍यकला
_979931
942 _cHIN
999 _c63471
_d63471